Movies Quiz

Random Movies or Clickable Quiz

Samuel L. Jackson Movie Quotes Quiz Stats

Quiz Updated Mar 17, 2015

Challenge
Share
Tweet
Embed
Score 0/16 Timer 06:00
1 Play Today
% Correct
Jurassic Park
86%
Star Wars: Episode III - Revenge of the Sith
84.4%
Coach Carter
79.8%
Django Unchained
74.9%
Iron Man 2
74%
Unbreakable
73.3%
Pulp Fiction
72.2%
The Incredibles
70.5%
% Correct
Jackie Brown
54.6%
S.W.A.T.
53%
Shaft
52.1%
A Time to Kill
50.4%
Die Hard: With a Vengeance
48.4%
Snakes on a Plane
43.8%
Sphere
42.7%
1408
41.5%

You're not logged in!

Compare scores with friends on all Sporcle quizzes.
Sign Up with Email
OR
Log In

You Might Also Like...

Show Comments

Extras

Top Quizzes Today


Score Distribution

Your Account Isn't Verified!

In order to create a playlist on Sporcle, you need to verify the email address you used during registration. Go to your Sporcle Settings to finish the process.